000 00465cam a22001934a 4500
005 20250605164321.0
008 250528s ||||||||||||||||||||||||d
035 _a22897
020 _a9780201544350
040 _aGR-AtMCL
_bgre
_dGR-AtMCL
_eAACR2
245 1 _aOBJECT-ORIENTED SOFTWARE ENGINEERING
250 _a1
260 _bAddison-Wesley,
_c1992
300 _a528
700 1 _aJacobson Ivar
_94400
942 _cBK
999 _c7941
_d7941